Statistics for Informatics Terminology - Quiz 1

Click here to take the quiz!

General Stats

  • This quiz has been taken 28 times
  • The average score is 5 of 15

Answer Stats

QuestionAnswer% Correct
Large navigation buttons on a web page for sight impaired users is an example of:An ACCESSIBILTY Design Principle
67%
Qualitative data does not need to be codified before graphingFALSE
58%
A website developer will need at leat 1TB of space too host images for a photographer's website. This is an example of:a TECHNICAL CONSTRAINT
54%
Secondary Data ...is anything that is collected and interpreted by someone other than the researcher.
54%
A student is studying school truancy. Which of the following is NOT an example of PRIMARY DATA?A written report on the reasons why students wag school.
42%
The data type best suited to recording the number of ferrets owned by a person is:numeric
42%
Surveying data entry operators on whether they believe their new database solution has improved their data entry speed and accuracy is an example of:Evaluation
29%
Which of the following is an example of DATA?A notebook recording temperatures for each day in May 208
25%
Who would win a battle between Gandalf, Thor, Dumbledore and Harry Potter?Gandalf
25%
The Spam Act was enacted in the year2003
21%
An accounting database has a solution requirement that the developer make it secure. This is an example of:a non-functional requirement
21%
The SECOND stage of the PROBLEM SOLVING METHODOLOGY IS ...Design
21%
The Copyright Act was enacted in1968
17%
Which of the following is a Federal Act (Legislation)?The Privacy Act 1988
17%
Choose the response that does NOT apply. A hypothesis should:have an dependent and response variable
13%

Score Distribution

Percentile by Number Answered

Percent of People with Each Score

Your Score History

You have not taken this quiz